Tes de connaissance du Francais 250 activite’s

Đã lưu trong:
Chi tiết về thư mục
Định dạng: Sách
Được phát hành: 2003
Các nhãn: Thêm thẻ
Không có thẻ, Là người đầu tiên thẻ bản ghi này!
Thư viện lưu trữ: Mạng thư viện Đại học Đà Nẵng
LEADER 00456nam a22001811a 4500
001 000036450
003 12745
005 20160408151547.0
008 160408s2003 000
082 |a 4P(07) 135-39 
245 |a Tes de connaissance du Francais 250 activite’s  |c S.Billaud 
260 |c 2003 
OWN |a LNN 
999 |a From the UDN01 
TYP |a Monograph 
980 |a Mạng thư viện Đại học Đà Nẵng